[Event "Deutsche Ländermeisterschaft 2014"]
[Site "Hannover GER"]
[Date "2014.10.04"]
[Round "2"]
[White "Hahn, Markus"]
[Black "Mons, Leon"]
[Result "1/2-1/2"]
[Termination "normal"]
[Board "2.2"]
[BlackTitle "IM"]
[WhiteElo "2225"]
[BlackElo "2416"]
[WhiteClock "00:06:25"]
[BlackClock "00:31:37"]
[WhiteTeam "Hessen 1"]
[BlackTeam "Baden 1"]
[PlyCount "73"]
[WhiteFideId "24654647"]
[BlackFideId "4614950"]
[EventCountry "GER"]
[EventRounds "7"]
[EventType "team-swiss"]
[EventDate "2014.10.02"]

1. d4 {[%clk 1:30:57]} Nf6 {[%clk 1:30:54]} 2. c4 {[%clk 1:31:21]} e6 {[%clk
1:31:18]} 3. Nf3 {[%clk 1:31:42]} d5 {[%clk 1:31:05]} 4. g3 {[%clk 1:32:03]}
dxc4 {[%clk 1:31:29]} 5. Qa4+ {[%clk 1:32:26]} Nbd7 {[%clk 1:28:51]} 6. Bg2
{[%clk 1:32:34]} a6 {[%clk 1:25:57]} 7. Qxc4 {[%clk 1:32:47]} b5 {[%clk
1:26:21]} 8. Qc6 {[%clk 1:33:03]} Rb8 {[%clk 1:26:26]} 9. Bf4 {[%clk 1:33:19]}
Bb4+ {[%clk 1:15:57]} 10. Nbd2 {[%clk 1:28:00]} Bb7 {[%clk 1:15:55]} 11. Qxc7
{[%clk 1:27:52]} Qxc7 {[%clk 1:16:17]} 12. Bxc7 {[%clk 1:28:09]} Rc8 {[%clk
1:16:40]} 13. Bf4 {[%clk 1:26:36]} Rc2 {[%clk 1:15:50]} 14. Rb1 {[%clk
1:25:26]} O-O {[%clk 1:09:23]} 15. a3 {[%clk 0:56:51]} Rfc8 {[%clk 1:01:07]}
16. O-O {[%clk 0:54:30]} Bxd2 {[%clk 1:01:17]} 17. Nxd2 {[%clk 0:54:44]} Bxg2
{[%clk 1:01:32]} 18. Kxg2 {[%clk 0:55:05]} Nd5 {[%clk 1:01:49]} 19. Rfd1 {[%clk
0:47:46]} Nxf4+ {[%clk 1:01:58]} 20. gxf4 {[%clk 0:48:05]} Nb6 {[%clk 1:01:37]}
21. e3 {[%clk 0:25:48]} Na4 {[%clk 1:00:58]} 22. Nb3 {[%clk 0:24:00]} Nxb2
{[%clk 1:00:24]} 23. Na1 {[%clk 0:23:39]} Nxd1 {[%clk 0:59:51]} 24. Nxc2 {[%clk
0:24:00]} Nc3 {[%clk 0:51:08]} 25. Rb3 {[%clk 0:21:25]} Nd5 {[%clk 0:39:18]}
26. Nb4 {[%clk 0:18:38]} Rc3 {[%clk 0:39:28]} 27. Rxc3 {[%clk 0:18:49]} Nxc3
{[%clk 0:39:55]} 28. Nxa6 {[%clk 0:17:11]} Nb1 {[%clk 0:39:46]} 29. d5 {[%clk
0:16:05]} exd5 {[%clk 0:39:31]} 30. Kf3 {[%clk 0:14:14]} Nc3 {[%clk 0:36:41]}
31. f5 {[%clk 0:13:39]} f6 {[%clk 0:36:23]} 32. Nc5 {[%clk 0:12:22]} Kf7 {[%clk
0:35:56]} 33. e4 {[%clk 0:10:43]} Ke7 {[%clk 0:34:59]} 34. exd5 {[%clk
0:09:47]} Nxd5 {[%clk 0:31:30]} 35. a4 {[%clk 0:05:58]} bxa4 {[%clk 0:31:14]}
36. Nxa4 {[%clk 0:06:15]} Kd6 {[%clk 0:31:37]} 37. Ke4 {[%clk 0:06:25]} 1/2-1/2

[Event "Deutsche Ländermeisterschaft 2014"]
[Site "Hannover GER"]
[Date "2014.10.04"]
[Round "2"]
[White "Grunau, Christoph"]
[Black "Galkin, Wladislaw"]
[Result "1/2-1/2"]
[Termination "normal"]
[Board "2.3"]
[WhiteElo "2126"]
[BlackElo "2099"]
[WhiteClock "00:12:37"]
[BlackClock "00:31:06"]
[WhiteTeam "Baden 1"]
[BlackTeam "Hessen 1"]
[PlyCount "68"]
[WhiteFideId "12929760"]
[BlackFideId "4603192"]
[EventCountry "GER"]
[EventRounds "7"]
[EventType "team-swiss"]
[EventDate "2014.10.02"]

1. e4 {[%clk 1:30:55]} e5 {[%clk 1:30:56]} 2. Nf3 {[%clk 1:31:18]} Nc6 {[%clk
1:31:19]} 3. Bb5 {[%clk 1:31:39]} a6 {[%clk 1:31:40]} 4. Ba4 {[%clk 1:31:59]}
Nf6 {[%clk 1:32:01]} 5. O-O {[%clk 1:32:11]} Be7 {[%clk 1:31:20]} 6. Re1 {[%clk
1:31:06]} b5 {[%clk 1:31:42]} 7. Bb3 {[%clk 1:31:31]} d6 {[%clk 1:31:57]} 8. c3
{[%clk 1:31:29]} O-O {[%clk 1:31:50]} 9. d4 {[%clk 1:31:19]} Bg4 {[%clk
1:31:34]} 10. Be3 {[%clk 1:31:05]} Na5 {[%clk 1:25:35]} 11. Bc2 {[%clk
1:29:15]} c5 {[%clk 1:19:45]} 12. d5 {[%clk 1:16:52]} c4 {[%clk 1:15:53]} 13.
Nbd2 {[%clk 1:11:57]} Qc7 {[%clk 1:14:23]} 14. Nf1 {[%clk 1:10:05]} Nb7 {[%clk
1:14:24]} 15. Ng3 {[%clk 1:08:26]} Nc5 {[%clk 1:13:56]} 16. h3 {[%clk 1:07:21]}
Bd7 {[%clk 1:12:50]} 17. Nh2 {[%clk 0:57:40]} a5 {[%clk 1:11:42]} 18. f4 {[%clk
0:51:49]} Rfb8 {[%clk 1:08:54]} 19. fxe5 {[%clk 0:40:19]} dxe5 {[%clk 1:09:13]}
20. Rf1 {[%clk 0:39:04]} Ne8 {[%clk 1:06:59]} 21. Qf3 {[%clk 0:34:35]} f6
{[%clk 1:05:10]} 22. Nf5 {[%clk 0:33:20]} Bxf5 {[%clk 1:04:40]} 23. Qxf5 {[%clk
0:32:55]} b4 {[%clk 1:01:53]} 24. g4 {[%clk 0:26:13]} bxc3 {[%clk 0:59:13]} 25.
bxc3 {[%clk 0:26:37]} Nd6 {[%clk 0:53:39]} 26. Qf3 {[%clk 0:26:33]} Rb2 {[%clk
0:50:57]} 27. Rf2 {[%clk 0:25:59]} Rab8 {[%clk 0:44:53]} 28. Bc1 {[%clk
0:24:59]} R2b7 {[%clk 0:41:12]} 29. Nf1 {[%clk 0:23:41]} Nb5 {[%clk 0:38:22]}
30. Rd2 {[%clk 0:21:50]} Nd7 {[%clk 0:36:56]} 31. Ba4 {[%clk 0:18:01]} Bc5+
{[%clk 0:35:06]} 32. Kg2 {[%clk 0:17:22]} Nd6 {[%clk 0:34:35]} 33. Bc2 {[%clk
0:15:13]} Nf8 {[%clk 0:32:41]} 34. Re2 {[%clk 0:12:37]} Ng6 {[%clk 0:31:06]}
1/2-1/2

[Event "Deutsche Ländermeisterschaft 2014"]
[Site "Hannover GER"]
[Date "2014.10.04"]
[Round "2"]
[White "Tran, My Linh"]
[Black "Wiesner, Paula"]
[Result "1/2-1/2"]
[Termination "normal"]
[Board "2.4"]
[WhiteElo "2053"]
[BlackElo "1985"]
[WhiteClock "00:06:37"]
[BlackClock "00:04:39"]
[WhiteTeam "Hessen 1"]
[BlackTeam "Baden 1"]
[PlyCount "119"]
[WhiteFideId "24682462"]
[BlackFideId "24654019"]
[EventCountry "GER"]
[EventRounds "7"]
[EventType "team-swiss"]
[EventDate "2014.10.02"]

1. e4 {[%clk 1:30:58]} e6 {[%clk 1:30:55]} 2. d4 {[%clk 1:31:23]} d5 {[%clk
1:31:22]} 3. Nd2 {[%clk 1:31:48]} Nc6 {[%clk 1:31:41]} 4. c3 {[%clk 1:24:23]}
e5 {[%clk 1:30:42]} 5. Ngf3 {[%clk 0:56:47]} exd4 {[%clk 1:25:36]} 6. Nxd4
{[%clk 0:53:49]} Nxd4 {[%clk 1:21:28]} 7. cxd4 {[%clk 0:54:18]} dxe4 {[%clk
1:19:59]} 8. Nxe4 {[%clk 0:53:55]} Nf6 {[%clk 1:13:29]} 9. Nc3 {[%clk 0:48:30]}
Be7 {[%clk 1:10:22]} 10. Bd3 {[%clk 0:45:21]} O-O {[%clk 1:08:37]} 11. h3
{[%clk 0:43:10]} Be6 {[%clk 1:07:10]} 12. O-O {[%clk 0:43:16]} Qd7 {[%clk
1:06:32]} 13. Bf4 {[%clk 0:39:56]} Rad8 {[%clk 1:03:35]} 14. Bc2 {[%clk
0:36:26]} c6 {[%clk 1:02:28]} 15. Be5 {[%clk 0:35:08]} Bf5 {[%clk 0:57:51]} 16.
Re1 {[%clk 0:32:19]} Bxc2 {[%clk 0:55:57]} 17. Qxc2 {[%clk 0:32:48]} Rfe8
{[%clk 0:56:13]} 18. Re2 {[%clk 0:31:13]} Nd5 {[%clk 0:52:59]} 19. Rae1 {[%clk
0:30:20]} Bf8 {[%clk 0:49:42]} 20. Qb3 {[%clk 0:26:47]} Re6 {[%clk 0:46:05]}
21. Bg3 {[%clk 0:20:39]} Rxe2 {[%clk 0:43:18]} 22. Rxe2 {[%clk 0:21:07]} Nb6
{[%clk 0:42:05]} 23. Re4 {[%clk 0:14:54]} Re8 {[%clk 0:37:13]} 24. Rxe8 {[%clk
0:13:37]} Qxe8 {[%clk 0:37:38]} 25. a4 {[%clk 0:13:55]} Qd7 {[%clk 0:36:13]}
26. a5 {[%clk 0:13:29]} Nd5 {[%clk 0:33:51]} 27. Nxd5 {[%clk 0:13:21]} cxd5
{[%clk 0:33:40]} 28. Bb8 {[%clk 0:10:52]} a6 {[%clk 0:31:05]} 29. Qb6 {[%clk
0:10:38]} Be7 {[%clk 0:27:24]} 30. Be5 {[%clk 0:10:18]} Bd8 {[%clk 0:24:00]}
31. Qb4 {[%clk 0:09:01]} h6 {[%clk 0:21:25]} 32. Qc5 {[%clk 0:08:30]} Qc6
{[%clk 0:20:39]} 33. Qa3 {[%clk 0:06:21]} Qd7 {[%clk 0:17:41]} 34. Qc5 {[%clk
0:05:35]} Be7 {[%clk 0:14:48]} 35. Qc3 {[%clk 0:05:16]} Qc6 {[%clk 0:14:26]}
36. Qg3 {[%clk 0:03:17]} Bf8 {[%clk 0:13:22]} 37. Kh2 {[%clk 0:02:33]} Qc4
{[%clk 0:11:20]} 38. Bd6 {[%clk 0:01:19]} Bxd6 {[%clk 0:08:23]} 39. Qxd6 {[%clk
0:01:47]} Qxd4 {[%clk 0:03:09]} 40. Qb8+ {[%clk 0:02:16]} Kh7 {[%clk 0:03:30]}
41. Qxb7 {[%clk 0:02:33]} Qe5+ {[%clk 0:29:18]} 42. Kg1 {[%clk 0:32:11]} Qe6
{[%clk 0:24:59]} 43. Qb6 {[%clk 0:31:34]} Qe2 {[%clk 0:23:33]} 44. b4 {[%clk
0:28:16]} Qe1+ {[%clk 0:17:52]} 45. Kh2 {[%clk 0:28:44]} Qe5+ {[%clk 0:18:16]}
46. g3 {[%clk 0:22:31]} d4 {[%clk 0:17:43]} 47. Qxa6 {[%clk 0:22:22]} Qf5
{[%clk 0:16:34]} 48. Qe2 {[%clk 0:21:36]} d3 {[%clk 0:16:15]} 49. Qd2 {[%clk
0:19:31]} Qb5 {[%clk 0:15:10]} 50. Qf4 {[%clk 0:18:05]} Qd5 {[%clk 0:13:25]}
51. Qd2 {[%clk 0:15:50]} Qc4 {[%clk 0:12:01]} 52. Qe1 {[%clk 0:10:53]} f5
{[%clk 0:08:26]} 53. Qe3 {[%clk 0:07:37]} Qc2 {[%clk 0:08:13]} 54. a6 {[%clk
0:07:44]} d2 {[%clk 0:08:22]} 55. a7 {[%clk 0:08:02]} d1=Q {[%clk 0:08:41]} 56.
a8=Q {[%clk 0:08:24]} Qcb1 {[%clk 0:07:56]} 57. Qg2 {[%clk 0:08:25]} Qxb4
{[%clk 0:07:22]} 58. Qgf3 {[%clk 0:06:22]} Qxf3 {[%clk 0:04:26]} 59. Qxf3
{[%clk 0:06:50]} Qc5 {[%clk 0:04:39]} 60. Qe2 {[%clk 0:06:37]} 1/2-1/2

[Event "Deutsche Ländermeisterschaft 2014"]
[Site "Hannover GER"]
[Date "2014.10.04"]
[Round "2"]
[White "Hartmann, Martin"]
[Black "Nothnagel, Marian Can"]
[Result "0-1"]
[Termination "normal"]
[Board "2.5"]
[WhiteElo "1864"]
[BlackElo "1827"]
[WhiteClock "00:00:43"]
[BlackClock "00:08:54"]
[WhiteTeam "Baden 1"]
[BlackTeam "Hessen 1"]
[PlyCount "66"]
[WhiteFideId "12911925"]
[BlackFideId "12921530"]
[EventCountry "GER"]
[EventRounds "7"]
[EventType "team-swiss"]
[EventDate "2014.10.02"]

1. e4 {[%clk 1:30:58]} e5 {[%clk 1:30:56]} 2. Nf3 {[%clk 1:31:23]} d6 {[%clk
1:31:22]} 3. d4 {[%clk 1:31:48]} exd4 {[%clk 1:31:49]} 4. Qxd4 {[%clk 1:32:13]}
Nf6 {[%clk 1:32:13]} 5. Nc3 {[%clk 1:32:19]} Be7 {[%clk 1:32:38]} 6. Bg5 {[%clk
1:31:33]} O-O {[%clk 1:32:52]} 7. O-O-O {[%clk 1:24:48]} Nc6 {[%clk 1:31:04]}
8. Qd2 {[%clk 1:23:38]} Be6 {[%clk 1:30:31]} 9. h4 {[%clk 1:15:15]} a6 {[%clk
1:27:17]} 10. Be2 {[%clk 1:04:41]} b5 {[%clk 1:19:05]} 11. Nd4 {[%clk 0:52:08]}
Nxd4 {[%clk 1:16:17]} 12. Qxd4 {[%clk 0:50:19]} c5 {[%clk 1:11:06]} 13. Qe3
{[%clk 0:49:40]} Qa5 {[%clk 1:09:26]} 14. Kb1 {[%clk 0:46:10]} c4 {[%clk
0:59:34]} 15. Nd5 {[%clk 0:41:46]} Bxd5 {[%clk 0:58:10]} 16. exd5 {[%clk
0:41:22]} Qc7 {[%clk 0:55:16]} 17. Rh3 {[%clk 0:32:51]} Rfe8 {[%clk 0:42:33]}
18. Rg3 {[%clk 0:29:41]} Bf8 {[%clk 0:40:40]} 19. Qf3 {[%clk 0:28:56]} Ne4
{[%clk 0:36:15]} 20. Rg4 {[%clk 0:26:47]} f5 {[%clk 0:32:17]} 21. Rf4 {[%clk
0:21:02]} g6 {[%clk 0:30:59]} 22. g4 {[%clk 0:18:28]} Nxg5 {[%clk 0:26:28]} 23.
hxg5 {[%clk 0:18:42]} Qe7 {[%clk 0:23:20]} 24. Re1 {[%clk 0:15:54]} fxg4 {[%clk
0:17:41]} 25. Rxg4 {[%clk 0:10:23]} Bg7 {[%clk 0:15:38]} 26. Qh3 {[%clk
0:04:50]} Qe5 {[%clk 0:15:22]} 27. c3 {[%clk 0:05:11]} Qxd5 {[%clk 0:15:01]}
28. Rh1 {[%clk 0:05:19]} Qf5+ {[%clk 0:15:03]} 29. Ka1 {[%clk 0:04:56]} Rxe2
{[%clk 0:14:21]} 30. a3 {[%clk 0:02:12]} Rae8 {[%clk 0:13:49]} 31. Qxh7+ {[%clk
0:00:33]} Kf7 {[%clk 0:13:42]} 32. Rgg1 {[%clk 0:00:53]} b4 {[%clk 0:08:54]}
33. Qh4 {[%clk 0:00:43]} R8e4 0-1

[Event "Deutsche Ländermeisterschaft 2014"]
[Site "Hannover GER"]
[Date "2014.10.04"]
[Round "2"]
[White "Poetsch, Leonore"]
[Black "Trifan, Andrei Ioan"]
[Result "1-0"]
[Termination "normal"]
[Board "2.6"]
[WhiteElo "1541"]
[BlackElo "1689"]
[WhiteClock "00:50:17"]
[BlackClock "00:18:18"]
[WhiteTeam "Hessen 1"]
[BlackTeam "Baden 1"]
[PlyCount "115"]
[WhiteFideId "12940372"]
[BlackFideId "12967068"]
[EventCountry "GER"]
[EventRounds "7"]
[EventType "team-swiss"]
[EventDate "2014.10.02"]

1. Nf3 {[%clk 1:30:57]} Nf6 {[%clk 1:30:22]} 2. e3 {[%clk 1:31:07]} Nc6 {[%clk
1:30:19]} 3. d4 {[%clk 1:31:18]} d5 {[%clk 1:30:33]} 4. c4 {[%clk 1:31:22]} e6
{[%clk 1:30:31]} 5. Nc3 {[%clk 1:31:11]} Bb4 {[%clk 1:28:48]} 6. a3 {[%clk
1:30:54]} Bxc3+ {[%clk 1:29:06]} 7. bxc3 {[%clk 1:31:12]} Ne4 {[%clk 1:29:24]}
8. Bb2 {[%clk 1:30:18]} O-O {[%clk 1:29:13]} 9. Bd3 {[%clk 1:30:06]} f5 {[%clk
1:28:56]} 10. O-O {[%clk 1:29:59]} g5 {[%clk 1:24:17]} 11. cxd5 {[%clk
1:29:37]} exd5 {[%clk 1:24:20]} 12. c4 {[%clk 1:28:56]} Be6 {[%clk 1:20:16]}
13. cxd5 {[%clk 1:26:05]} Bxd5 {[%clk 1:19:52]} 14. Nd2 {[%clk 1:24:44]} Nxd2
{[%clk 1:19:43]} 15. Qxd2 {[%clk 1:25:08]} h6 {[%clk 1:08:00]} 16. Qc2 {[%clk
1:24:20]} Qd7 {[%clk 1:04:36]} 17. f3 {[%clk 1:21:13]} Be6 {[%clk 1:03:14]} 18.
Bc4 {[%clk 1:19:47]} Rae8 {[%clk 1:02:33]} 19. Rad1 {[%clk 1:17:44]} Bxc4
{[%clk 0:58:00]} 20. Qxc4+ {[%clk 1:18:08]} Qf7 {[%clk 0:57:21]} 21. Qd3 {[%clk
1:14:55]} Rd8 {[%clk 0:46:41]} 22. Qc3 {[%clk 1:14:29]} Qg7 {[%clk 0:42:51]}
23. Qb3+ {[%clk 1:13:50]} Qf7 {[%clk 0:42:30]} 24. Qc3 {[%clk 1:13:51]} Qg7
{[%clk 0:42:37]} 25. Qb3+ {[%clk 1:13:23]} Qf7 {[%clk 0:42:11]} 26. Qxb7 {[%clk
1:12:55]} Rb8 {[%clk 0:41:54]} 27. Qxc6 {[%clk 1:13:08]} Rxb2 {[%clk 0:42:18]}
28. Qxh6 {[%clk 1:12:32]} Qa2 {[%clk 0:37:02]} 29. Qxg5+ {[%clk 1:11:34]} Kf7
30. Qxf5+ {[%clk 1:10:25]} Ke8 {[%clk 0:34:19]} 31. Qg6+ {[%clk 1:09:54]} Kd7
{[%clk 0:32:17]} 32. Ra1 {[%clk 1:07:43]} Qb3 {[%clk 0:30:44]} 33. Qg7+ {[%clk
1:04:45]} Rf7 {[%clk 0:29:42]} 34. Qg4+ {[%clk 1:04:08]} Kd8 {[%clk 0:27:38]}
35. Qg5+ {[%clk 1:03:28]} Re7 {[%clk 0:26:38]} 36. e4 {[%clk 1:02:37]} Qd3
{[%clk 0:25:05]} 37. Kh1 {[%clk 1:00:13]} Rd2 {[%clk 0:24:59]} 38. d5 {[%clk
0:58:58]} Qd4 {[%clk 0:22:41]} 39. Rab1 {[%clk 0:57:32]} Kd7 {[%clk 0:20:52]}
40. Qf5+ {[%clk 0:57:36]} Kd6 {[%clk 0:20:15]} 41. Qg6+ {[%clk 0:57:47]} Kd7
{[%clk 0:19:22]} 42. Qc6+ {[%clk 0:52:29]} Kc8 {[%clk 0:19:40]} 43. d6 {[%clk
0:50:20]} Qxd6 {[%clk 0:17:09]} 44. Qxd6 {[%clk 0:50:09]} cxd6 {[%clk 0:15:05]}
45. Rfc1+ {[%clk 0:50:23]} Kd7 {[%clk 0:15:03]} 46. Rb7+ {[%clk 0:50:38]} Ke6
{[%clk 0:15:26]} 47. Rxe7+ {[%clk 0:51:01]} Kxe7 {[%clk 0:15:55]} 48. Kg1
{[%clk 0:50:59]} Ra2 {[%clk 0:16:02]} 49. Rc7+ {[%clk 0:51:09]} Ke6 {[%clk
0:16:19]} 50. Rxa7 {[%clk 0:51:12]} Ke5 {[%clk 0:16:42]} 51. h3 {[%clk
0:50:00]} Kf4 {[%clk 0:16:47]} 52. Kh2 {[%clk 0:50:13]} Ra1 {[%clk 0:16:56]}
53. a4 {[%clk 0:49:18]} Ra2 {[%clk 0:17:17]} 54. a5 {[%clk 0:49:35]} Ra1 {[%clk
0:17:32]} 55. a6 {[%clk 0:49:28]} Ra2 {[%clk 0:17:58]} 56. Ra8 {[%clk 0:49:42]}
Ra1 {[%clk 0:18:18]} 57. a7 {[%clk 0:50:05]} Ke3 58. h4 {[%clk 0:50:17]} 1-0

[Event "Deutsche Ländermeisterschaft 2014"]
[Site "Hannover GER"]
[Date "2014.10.04"]
[Round "2"]
[White "Mangei, Jasmin"]
[Black "Stork, Oliver"]
[Result "0-1"]
[Termination "normal"]
[Board "2.7"]
[WhiteElo "1796"]
[BlackElo "1752"]
[WhiteClock "00:31:29"]
[BlackClock "00:26:50"]
[WhiteTeam "Baden 1"]
[BlackTeam "Hessen 1"]
[PlyCount "102"]
[WhiteFideId "12951803"]
[BlackFideId "12955728"]
[EventCountry "GER"]
[EventRounds "7"]
[EventType "team-swiss"]
[EventDate "2014.10.02"]

1. e4 {[%clk 1:30:59]} e5 {[%clk 1:30:56]} 2. Nf3 {[%clk 1:31:26]} Nc6 {[%clk
1:31:20]} 3. Bc4 {[%clk 1:31:53]} Bc5 {[%clk 1:31:40]} 4. c3 {[%clk 1:32:21]}
Nf6 {[%clk 1:32:03]} 5. d4 {[%clk 1:32:49]} exd4 {[%clk 1:32:26]} 6. e5 {[%clk
1:33:17]} d5 {[%clk 1:31:58]} 7. Bb5 {[%clk 1:33:42]} Ne4 {[%clk 1:09:00]} 8.
cxd4 {[%clk 1:33:41]} Bb4+ {[%clk 1:09:13]} 9. Bd2 {[%clk 1:33:43]} Nxd2 {[%clk
1:03:59]} 10. Nbxd2 {[%clk 1:33:58]} Bd7 {[%clk 1:02:55]} 11. O-O {[%clk
1:15:46]} O-O {[%clk 1:00:01]} 12. Bd3 {[%clk 1:12:10]} Bg4 {[%clk 0:41:40]}
13. Nb3 {[%clk 1:08:42]} f6 {[%clk 0:39:56]} 14. exf6 {[%clk 1:04:45]} Qxf6
{[%clk 0:39:40]} 15. Be2 {[%clk 1:03:11]} a5 {[%clk 0:32:39]} 16. h3 {[%clk
0:56:38]} Bh5 {[%clk 0:31:10]} 17. Ne5 {[%clk 0:45:33]} Bxe2 {[%clk 0:29:37]}
18. Qxe2 {[%clk 0:45:38]} Nxe5 {[%clk 0:18:53]} 19. dxe5 {[%clk 0:44:23]} Rae8
{[%clk 0:16:48]} 20. f4 {[%clk 0:37:00]} Qb6+ {[%clk 0:15:11]} 21. Kh1 {[%clk
0:36:46]} a4 {[%clk 0:15:24]} 22. Nc1 {[%clk 0:33:46]} Bc5 {[%clk 0:12:26]} 23.
Nd3 {[%clk 0:32:32]} Be3 {[%clk 0:12:14]} 24. Qf3 {[%clk 0:24:44]} c6 {[%clk
0:10:16]} 25. Qg3 {[%clk 0:21:35]} Bd4 {[%clk 0:10:07]} 26. Rab1 {[%clk
0:21:11]} Qc7 {[%clk 0:09:55]} 27. Qg4 {[%clk 0:18:54]} c5 {[%clk 0:09:58]} 28.
b3 {[%clk 0:17:20]} axb3 {[%clk 0:10:02]} 29. axb3 {[%clk 0:17:42]} Qc8 {[%clk
0:09:44]} 30. Qf3 {[%clk 0:15:43]} Qd7 {[%clk 0:09:36]} 31. Rbc1 {[%clk
0:14:12]} b6 {[%clk 0:09:52]} 32. Qg3 {[%clk 0:14:21]} Qf5 {[%clk 0:08:57]} 33.
Rce1 {[%clk 0:13:52]} c4 {[%clk 0:08:09]} 34. bxc4 {[%clk 0:13:54]} dxc4 {[%clk
0:08:34]} 35. Nb4 {[%clk 0:13:49]} Rxe5 {[%clk 0:06:36]} 36. Rd1 Bc5 {[%clk
0:04:46]} 37. Nc6 {[%clk 0:11:34]} Re4 {[%clk 0:04:38]} 38. Qc3 {[%clk
0:09:07]} Rxf4 {[%clk 0:03:02]} 39. Rfe1 {[%clk 0:09:12]} Qf6 {[%clk 0:01:58]}
40. Qxf6 {[%clk 0:08:22]} R8xf6 {[%clk 0:01:14]} 41. Ne5 {[%clk 0:08:23]} Re6
{[%clk 0:29:55]} 42. Ra1 {[%clk 0:34:49]} Bd6 {[%clk 0:27:03]} 43. Nf3 {[%clk
0:33:49]} Rxe1+ {[%clk 0:26:38]} 44. Rxe1 {[%clk 0:34:12]} c3 {[%clk 0:26:36]}
45. Rc1 {[%clk 0:34:07]} Rc4 {[%clk 0:26:54]} 46. Kg1 {[%clk 0:34:18]} Ba3
{[%clk 0:26:37]} 47. Rc2 {[%clk 0:34:34]} b5 {[%clk 0:26:58]} 48. Kf1 {[%clk
0:34:59]} b4 {[%clk 0:27:21]} 49. Ne5 {[%clk 0:33:48]} b3 {[%clk 0:26:54]} 50.
Re2 {[%clk 0:31:23]} Rf4+ {[%clk 0:26:37]} 51. Ke1 {[%clk 0:31:29]} b2 {[%clk
0:26:50]} 0-1

[Event "Deutsche Ländermeisterschaft 2014"]
[Site "Hannover GER"]
[Date "2014.10.04"]
[Round "2"]
[White "Flach, Helene"]
[Black "Mütsch, Annmarie"]
[Result "1-0"]
[Termination "normal"]
[Board "2.8"]
[WhiteElo "1649"]
[BlackElo "1658"]
[WhiteClock "00:12:38"]
[BlackClock "00:55:37"]
[WhiteTeam "Hessen 1"]
[BlackTeam "Baden 1"]
[PlyCount "93"]
[WhiteFideId "12929735"]
[BlackFideId "12971367"]
[EventCountry "GER"]
[EventRounds "7"]
[EventType "team-swiss"]
[EventDate "2014.10.02"]

1. e4 {[%clk 1:30:58]} e5 {[%clk 1:30:53]} 2. Nf3 {[%clk 1:31:24]} Nc6 {[%clk
1:31:15]} 3. Bb5 {[%clk 1:31:49]} a6 {[%clk 1:31:38]} 4. Ba4 {[%clk 1:32:15]}
Nf6 {[%clk 1:32:00]} 5. d4 {[%clk 1:32:38]} b5 {[%clk 1:32:06]} 6. Bb3 {[%clk
1:32:50]} Bd6 {[%clk 1:30:50]} 7. O-O {[%clk 1:25:52]} O-O {[%clk 1:30:57]} 8.
Bg5 {[%clk 1:23:38]} h6 {[%clk 1:31:10]} 9. Bh4 {[%clk 1:23:09]} Re8 {[%clk
1:31:20]} 10. Re1 {[%clk 1:16:36]} Na5 {[%clk 1:30:48]} 11. Bd5 {[%clk
1:14:05]} c6 {[%clk 1:30:58]} 12. Bb3 {[%clk 1:12:59]} Nxb3 {[%clk 1:29:27]}
13. axb3 {[%clk 1:13:17]} Bc7 {[%clk 1:27:27]} 14. dxe5 {[%clk 1:10:01]} Bxe5
{[%clk 1:18:19]} 15. Nxe5 {[%clk 1:10:08]} Rxe5 {[%clk 1:17:25]} 16. f4 {[%clk
1:07:39]} Rc5 {[%clk 1:14:29]} 17. e5 {[%clk 1:04:59]} Qb6 {[%clk 1:12:49]} 18.
Bf2 {[%clk 1:03:05]} Nd5 {[%clk 1:12:23]} 19. Qd2 {[%clk 0:56:26]} b4 {[%clk
1:11:32]} 20. Bxc5 {[%clk 0:52:31]} Qxc5+ {[%clk 1:11:36]} 21. Qf2 {[%clk
0:41:32]} Qxf2+ {[%clk 1:11:01]} 22. Kxf2 {[%clk 0:41:54]} Nxf4 {[%clk
1:11:25]} 23. Nd2 {[%clk 0:40:20]} Ne6 {[%clk 1:10:12]} 24. Nc4 {[%clk
0:38:21]} Nd4 {[%clk 1:09:26]} 25. Rec1 {[%clk 0:35:57]} c5 {[%clk 1:08:24]}
26. Nb6 {[%clk 0:34:11]} Rb8 {[%clk 1:08:21]} 27. Nxc8 {[%clk 0:34:03]} Rxc8
{[%clk 1:08:48]} 28. Rxa6 {[%clk 0:34:23]} Nc6 {[%clk 1:09:04]} 29. Rca1 {[%clk
0:32:06]} Nxe5 {[%clk 1:06:46]} 30. Ra8 {[%clk 0:32:07]} Rf8 {[%clk 1:06:38]}
31. h3 {[%clk 0:30:13]} d6 {[%clk 1:04:30]} 32. R1a6 {[%clk 0:29:38]} f6 {[%clk
1:03:04]} 33. Rxf8+ {[%clk 0:29:30]} Kxf8 {[%clk 1:02:02]} 34. Rxd6 {[%clk
0:29:52]} Ke7 {[%clk 1:02:09]} 35. Rd5 {[%clk 0:28:40]} Nd7 {[%clk 1:02:07]}
36. Ke3 {[%clk 0:27:51]} Ke6 {[%clk 1:02:07]} 37. Ke4 {[%clk 0:23:53]} f5+
{[%clk 0:59:47]} 38. Rxf5 {[%clk 0:21:16]} Nf6+ {[%clk 0:59:26]} 39. Rxf6+
{[%clk 0:18:43]} gxf6 {[%clk 0:59:45]} 40. g4 {[%clk 0:18:33]} Kd6 {[%clk
0:58:08]} 41. Kf5 {[%clk 0:17:35]} Ke7 {[%clk 0:57:42]} 42. Kg6 {[%clk
0:15:51]} Ke6 {[%clk 0:57:43]} 43. Kxh6 {[%clk 0:12:21]} Kf7 {[%clk 0:55:38]}
44. g5 {[%clk 0:11:52]} fxg5 {[%clk 0:54:58]} 45. Kxg5 {[%clk 0:12:14]} Kg7
{[%clk 0:55:14]} 46. Kf5 {[%clk 0:12:26]} Kf7 {[%clk 0:55:37]} 47. Ke5 {[%clk
0:12:38]} 1-0